000 00846nam a2200241 i 4500
001 73122
003 ES-MaACL
005 20250722124834.0
007 t|
008 040907s1919 sp ||||1| spa d
080 _a821.134.2(728.1)-94"19"
100 1 _aGómez Carrillo, Enrique,
_d1873-1927
_957861
245 1 3 _aEl primer libro de las crónicas /
_cEnrique Gómez Carrillo.
260 _aMadrid :
_bMundo Latino,
_c[1919?] (
_fImprenta Artística)
300 _a276 p. ;
_c19 cm.
490 1 _aObras completas ;
_v6
530 _aDisponible en formato digital.
830 0 _aObras completas ;
_v6
_9176447
852 _aES-MaACL
_jB-4233
_cSPB
_zRevisado enlace: 22 de julio de 2025
856 4 _uhttp://bdh-rd.bne.es/viewer.vm?id=0000081677&page=1
_yBiblioteca Digital Hispánica
942 _2udc
999 _c73122
_d73122